MARC details
| 000 -LEADER |
| fixed length control field |
04430cas a2201021 a 4500 |
| 001 - CONTROL NUMBER |
| control field |
11327271 |
| 003 - CONTROL NUMBER IDENTIFIER |
| control field |
OSt |
| 005 - DATE AND TIME OF LATEST TRANSACTION |
| control field |
20230526122337.0 |
| 008 - FIXED-LENGTH DATA ELEMENTS--GENERAL INFORMATION |
| fixed length control field |
870123c19879999nyu x p 0 a0eng c |
| 010 ## - LIBRARY OF CONGRESS CONTROL NUMBER |
| LC control number |
87642241 |
| Canceled/invalid LC control number |
62018595 |
| -- |
2007277039 |
| -- |
2007936618 |
| -- |
2009920725 |
| -- |
2010929860 |
| -- |
2011281211 |
| -- |
2011289113 |
| -- |
2011500201 |
| -- |
2011936015 |
| -- |
2011940428 |
| 015 ## - NATIONAL BIBLIOGRAPHY NUMBER |
| National bibliography number |
87,A16,0997 |
| Source |
dnb |
| 015 ## - NATIONAL BIBLIOGRAPHY NUMBER |
| National bibliography number |
010621563 |
| Source |
dnb |
| 016 7# - NATIONAL BIBLIOGRAPHIC AGENCY CONTROL NUMBER |
| Record control number |
010621563 |
| Source |
DE-101 |
| 016 7# - NATIONAL BIBLIOGRAPHIC AGENCY CONTROL NUMBER |
| Record control number |
90606-2 |
| Source |
DE-600 |
| 016 7# - NATIONAL BIBLIOGRAPHIC AGENCY CONTROL NUMBER |
| Record control number |
8703602 |
| Source |
DNLM |
| 016 7# - NATIONAL BIBLIOGRAPHIC AGENCY CONTROL NUMBER |
| Record control number |
SR0056814 |
| Source |
DNLM |
| 016 7# - NATIONAL BIBLIOGRAPHIC AGENCY CONTROL NUMBER |
| Record control number |
009221554 |
| Source |
Uk |
| 020 ## - INTERNATIONAL STANDARD BOOK NUMBER |
| International Standard Book Number |
01795953 |
| 022 ## - INTERNATIONAL STANDARD SERIAL NUMBER |
| International Standard Serial Number |
0179-5953 |
| ISSN-L |
0179-5953 |
| Source |
6 |
| 030 ## - CODEN DESIGNATION |
| CODEN |
RCTOE4 |
| 035 ## - SYSTEM CONTROL NUMBER |
| System control number |
(OCoLC)ocm15106798 |
| 037 ## - SOURCE OF ACQUISITION |
| Source of stock number/acquisition |
Springer-Verlag, 175 Fifth Ave., New York, N.Y. 10010 |
| 040 ## - CATALOGING SOURCE |
| Original cataloging agency |
CLU |
| Language of cataloging |
eng |
| Transcribing agency |
CLU |
| Modifying agency |
OCL |
| -- |
NSD |
| -- |
DLC |
| -- |
NLM |
| -- |
DLC |
| -- |
NSD |
| -- |
NST |
| -- |
DLC |
| -- |
NSD |
| -- |
NST |
| -- |
NSD |
| -- |
AGL |
| -- |
NST |
| -- |
NYG |
| -- |
NST |
| -- |
NSD |
| -- |
NST |
| -- |
MYG |
| -- |
NST |
| -- |
IUL |
| -- |
GUA |
| -- |
HUL |
| -- |
GUA |
| -- |
OCLCQ |
| -- |
DLC |
| -- |
OCLCQ |
| -- |
LVB |
| -- |
IUL |
| -- |
SINLB |
| -- |
DLC |
| -- |
OCLCQ |
| -- |
HEBIS |
| -- |
GBVCP |
| -- |
DEBBG |
| -- |
DLC |
| -- |
OCLCQ |
| -- |
GWDNB |
| -- |
UKMGB |
| -- |
DLC |
| -- |
OCLCQ |
| -- |
OCLCO |
| -- |
OCLCF |
| -- |
OCLCO |
| -- |
OCLCQ |
| -- |
OCLCO |
| -- |
DLC |
| -- |
YDX |
| -- |
OCLCA |
| -- |
SOI |
| -- |
GILDS |
| -- |
OCLCO |
| -- |
OCLCA |
| -- |
OKS |
| -- |
OCLCO |
| -- |
SFB |
| -- |
OCL |
| -- |
OCLCQ |
| 042 ## - AUTHENTICATION CODE |
| Authentication code |
pcc |
| -- |
nsdp |
| 050 00 - LIBRARY OF CONGRESS CALL NUMBER |
| Classification number |
TX501 |
| Item number |
.R48 |
| 072 #0 - SUBJECT CATEGORY CODE |
| Subject category code |
Q200 |
| 072 #0 - SUBJECT CATEGORY CODE |
| Subject category code |
H000 |
| 210 0# - ABBREVIATED TITLE |
| Abbreviated title |
Rev. environ. contam. toxicol. |
| 222 #0 - KEY TITLE |
| Key title |
Reviews of environmental contamination and toxicology |
| 245 00 - TITLE STATEMENT |
| Title |
Reviews of environmental contamination and toxicology. |
| 260 ## - PUBLICATION, DISTRIBUTION, ETC. (IMPRINT) |
| Materials specified |
v. 98- : |
| Place of publication, distribution, etc. |
New York : |
| Name of publisher, distributor, etc. |
Springer-Verlag, |
| Date of publication, distribution, etc. |
1987- |
| 260 3# - PUBLICATION, DISTRIBUTION, ETC. (IMPRINT) |
| Materials specified |
<v. 203-v. 207> : |
| Place of publication, distribution, etc. |
New York : |
| Name of publisher, distributor, etc. |
Springer Science+Business Media |
| 300 ## - PHYSICAL DESCRIPTION |
| Extent |
xi, 179p. |
| 310 ## - CURRENT PUBLICATION FREQUENCY |
| Current publication frequency |
Irregular |
| 336 ## - CONTENT TYPE |
| Content type term |
text |
| Content type code |
txt |
| Source |
rdacontent |
| 337 ## - MEDIA TYPE |
| Media type term |
unmediated |
| Media type code |
n |
| Source |
rdamedia |
| 338 ## - CARRIER TYPE |
| Carrier type term |
volume |
| Carrier type code |
nc |
| Source |
rdacarrier |
| 362 0# - DATES OF PUBLICATION AND/OR SEQUENTIAL DESIGNATION |
| Dates of publication and/or sequential designation |
Vol. 98- |
| 500 ## - GENERAL NOTE |
| General note |
Vols. for 198 and 220 cataloged as monographs in LC |
| Institution to which field applies |
DLC |
| 510 2# - CITATION/REFERENCES NOTE |
| Name of source |
Chemical abstracts |
| International Standard Serial Number |
0009-2258 |
| Coverage of source |
1987- |
| 530 ## - ADDITIONAL PHYSICAL FORM AVAILABLE NOTE |
| Additional physical form available note |
Also issued online. |
| 588 ## - SOURCE OF DESCRIPTION NOTE |
| Source of description note |
Latest issue consulted: Vol. 207, copyrighted 2010. |
| 590 ## - LOCAL NOTE (RLIN) |
| Local note |
SERBIB/SERLOC merged record |
| 650 #0 - SUBJECT ADDED ENTRY--TOPICAL TERM |
| Topical term or geographic name as entry element |
Food contamination |
| Form subdivision |
Periodicals. |
| 650 #0 - SUBJECT ADDED ENTRY--TOPICAL TERM |
| Topical term or geographic name as entry element |
Pesticide residues in food |
| Form subdivision |
Periodicals. |
| 650 #0 - SUBJECT ADDED ENTRY--TOPICAL TERM |
| Topical term or geographic name as entry element |
Pollution |
| Form subdivision |
Periodicals. |
| 650 #0 - SUBJECT ADDED ENTRY--TOPICAL TERM |
| Topical term or geographic name as entry element |
Pollution. |
| 650 #0 - SUBJECT ADDED ENTRY--TOPICAL TERM |
| Topical term or geographic name as entry element |
Food additives. |
| 650 #0 - SUBJECT ADDED ENTRY--TOPICAL TERM |
| Topical term or geographic name as entry element |
Pesticides |
| General subdivision |
Environmental aspects. |
| 650 #0 - SUBJECT ADDED ENTRY--TOPICAL TERM |
| Topical term or geographic name as entry element |
Food additives |
| Form subdivision |
Periodicals. |
| 650 #2 - SUBJECT ADDED ENTRY--TOPICAL TERM |
| Topical term or geographic name as entry element |
Environmental Pollution |
| 650 #2 - SUBJECT ADDED ENTRY--TOPICAL TERM |
| Topical term or geographic name as entry element |
Food Additives |
| 650 #2 - SUBJECT ADDED ENTRY--TOPICAL TERM |
| Topical term or geographic name as entry element |
Food Contamination |
| 650 #2 - SUBJECT ADDED ENTRY--TOPICAL TERM |
| Topical term or geographic name as entry element |
Pesticide Residues |
| 650 #6 - SUBJECT ADDED ENTRY--TOPICAL TERM |
| Topical term or geographic name as entry element |
Aliments |
| General subdivision |
Contamination |
| Form subdivision |
Périodiques. |
| 650 #6 - SUBJECT ADDED ENTRY--TOPICAL TERM |
| Topical term or geographic name as entry element |
Aliments |
| General subdivision |
Additifs |
| Form subdivision |
Périodiques. |
| 650 #6 - SUBJECT ADDED ENTRY--TOPICAL TERM |
| Topical term or geographic name as entry element |
Pesticides |
| General subdivision |
Résidus dans les aliments |
| Form subdivision |
Périodiques. |
| 650 #6 - SUBJECT ADDED ENTRY--TOPICAL TERM |
| Topical term or geographic name as entry element |
Pollution |
| Form subdivision |
Périodiques. |
| 650 #6 - SUBJECT ADDED ENTRY--TOPICAL TERM |
| Topical term or geographic name as entry element |
Pollution. |
| 650 #6 - SUBJECT ADDED ENTRY--TOPICAL TERM |
| Topical term or geographic name as entry element |
Aliments |
| General subdivision |
Additifs. |
| 650 #6 - SUBJECT ADDED ENTRY--TOPICAL TERM |
| Topical term or geographic name as entry element |
Pesticides |
| General subdivision |
Résidus. |
| 650 #7 - SUBJECT ADDED ENTRY--TOPICAL TERM |
| Topical term or geographic name as entry element |
Pesticides |
| General subdivision |
Environmental aspects. |
| Source of heading or term |
fast |
| Authority record control number |
(OCoLC)fst01059032 |
| 650 #7 - SUBJECT ADDED ENTRY--TOPICAL TERM |
| Topical term or geographic name as entry element |
Food additives. |
| Source of heading or term |
fast |
| Authority record control number |
(OCoLC)fst00930654 |
| 650 #7 - SUBJECT ADDED ENTRY--TOPICAL TERM |
| Topical term or geographic name as entry element |
Food contamination. |
| Source of heading or term |
fast |
| Authority record control number |
(OCoLC)fst00930746 |
| 650 #7 - SUBJECT ADDED ENTRY--TOPICAL TERM |
| Topical term or geographic name as entry element |
Pesticide residues in food. |
| Source of heading or term |
fast |
| Authority record control number |
(OCoLC)fst01058996 |
| 650 #7 - SUBJECT ADDED ENTRY--TOPICAL TERM |
| Topical term or geographic name as entry element |
Pollution. |
| Source of heading or term |
fast |
| Authority record control number |
(OCoLC)fst01070069 |
| 650 #7 - SUBJECT ADDED ENTRY--TOPICAL TERM |
| Topical term or geographic name as entry element |
Toxikologie |
| Source of heading or term |
gnd |
| 650 #7 - SUBJECT ADDED ENTRY--TOPICAL TERM |
| Topical term or geographic name as entry element |
Umwelttoxikologie |
| Source of heading or term |
gnd |
| 650 #7 - SUBJECT ADDED ENTRY--TOPICAL TERM |
| Topical term or geographic name as entry element |
Umweltverschmutzung |
| Source of heading or term |
gnd |
| 650 07 - SUBJECT ADDED ENTRY--TOPICAL TERM |
| Topical term or geographic name as entry element |
Umwelttoxikologie. |
| Source of heading or term |
swd |
| 655 #2 - INDEX TERM--GENRE/FORM |
| Genre/form data or focus term |
Periodical |
| 655 #4 - INDEX TERM--GENRE/FORM |
| Genre/form data or focus term |
Zeitschrift. |
| 655 #7 - INDEX TERM--GENRE/FORM |
| Genre/form data or focus term |
periodicals. |
| Source of term |
aat |
| 655 #7 - INDEX TERM--GENRE/FORM |
| Genre/form data or focus term |
Periodicals. |
| Source of term |
fast |
| Authority record control number |
(OCoLC)fst01411641 |
| 655 #7 - INDEX TERM--GENRE/FORM |
| Genre/form data or focus term |
Zeitschrift |
| Source of term |
gnd |
| 655 #7 - INDEX TERM--GENRE/FORM |
| Authority record control number |
(DE-588)4067488-5 |
| -- |
https://d-nb.info/gnd/4067488-5 |
| -- |
(DE-101)040674886 |
| Genre/form data or focus term |
Zeitschrift |
| Source of term |
gnd-content |
| 655 #7 - INDEX TERM--GENRE/FORM |
| Genre/form data or focus term |
Periodicals. |
| Source of term |
lcgft |
| 655 #7 - INDEX TERM--GENRE/FORM |
| Genre/form data or focus term |
Périodiques. |
| Source of term |
rvmgf |
| 655 #7 - INDEX TERM--GENRE/FORM |
| Genre/form data or focus term |
Zeitschrift. |
| Source of term |
swd |
| 776 08 - ADDITIONAL PHYSICAL FORM ENTRY |
| Relationship information |
Online version: |
| Title |
Reviews of environmental contamination and toxicology |
| Record control number |
(OCoLC)574210692 |
| 780 00 - PRECEDING ENTRY |
| Title |
Residue reviews |
| International Standard Serial Number |
0080-181X |
| Record control number |
(DLC) 66057010 |
| -- |
(OCoLC)1285253 |
| 906 ## - LOCAL DATA ELEMENT F, LDF (RLIN) |
| a |
7 |
| b |
cbc |
| c |
serials |
| d |
3 |
| e |
ncip |
| f |
19 |
| g |
n-oclcserc |
| 942 ## - ADDED ENTRY ELEMENTS (KOHA) |
| Source of classification or shelving scheme |
Library of Congress Classification |
| Koha item type |
General Collection |